| 000 | 00358nam a2200133Ia 4500 | ||
|---|---|---|---|
| 008 | 150202s9999 xx 000 0 und d | ||
| 020 | _a671460218 | ||
| 050 |
_aFIC _bFIC |
||
| 100 | _aAustin, R.G. | ||
| 245 |
_aCreatures of the dark / _cR. G. Austin. |
||
| 260 |
_aNew York : _bPocket Books, _c1982. |
||
| 300 |
_a118 pages : _c18 cm. |
||
| 650 | _aFiction. | ||
| 999 |
_c281827 _d281827 |
||